Arkansas Geography Quiz - Sudden Death - Statistics

General Stats
  • This quiz has been taken 242 times
  • The average score is 14 of 20
Answers on the Grid
Answers color-coded by a green-red scale on the quiz's grid according to % correct below.
Arkansas River
Bentonville
Buffalo National River
Chattanooga
Chesapeake Bay
Fayetteville
Fort Smith
Fort Worth
Gateway Arch
National Park
Great Smoky Mountains
National Park
Hot Springs
National Park
Indianapolis
Jonesboro
Joplin
Kansas City
Key West
Lake Okeechobee
Lake Tahoe
Laredo
Little Rock
Little Rock Central H.S. National Historic Site
Magazine Mountain
Mississippi River
Missouri River
Ohio River
Orlando
Ouachita Mountains
Ouachita River
Ozark Mountains
Pensecola
Pigeon Forge
Pine Bluff
William Jefferson Clinton Birthplace
Purple River
Red River
Rio Grande
Rocky Mountains
Texarkana
Trail of Tears
National Historic Trail
White River
 
Answer Stats
Answer % Correct
Arkansas River
95%
Bentonville
87%
Fayetteville
86%
Little Rock Central H.S. National Historic Site
84%
Hot Springs
National Park
81%
Little Rock
81%
Fort Smith
79%
Jonesboro
79%
Mississippi River
71%
Ozark Mountains
69%
Texarkana
67%
Pine Bluff
65%
Ouachita Mountains
61%
Ouachita River
61%
William Jefferson Clinton Birthplace
61%
Magazine Mountain
52%
Trail of Tears
National Historic Trail
52%
Buffalo National River
50%
Red River
45%
White River
42%
No matching quizzes found
Score Distribution
Percent of People with Each Score
Percentile by Number Answered
Your Score History
You have not taken this quiz